20 Biggest Cities in Brazil on a Map - Statistics

General Stats
  • This quiz has been taken 1,577 times
  • The average score is 14 of 20
Answers on the Map
Answers color-coded by a green-red scale on the quiz's map according to % correct below.
 
Answer Stats
Pop Cities % Correct
12,330,000 Rio de Janeiro
99%
21,243,000 São Paulo
99%
4,285,000 Brasilia
98%
5,874,000 Belo Horizonte
93%
2,569,000 Manaus
92%
4,276,000 Porto Alegre
88%
3,985,000 Salvador
88%
3,940,000 Recife
87%
4,019,000 Fortaleza
86%
2,422,000 Belém
81%
3,538,000 Curitiba
76%
1,537,000 Natal
63%
1,605,000 São Luís
59%
3,132,000 Campinas
58%
2,458,000 Goiânia
57%
1,813,000 Baixada Santista
46%
1,935,000 Vitória
44%
2,476,000 Vale do Paraiba
29%
1,908,000 Sorocaba
16%
1,453,000 Piracicaba
10%
No matching quizzes found
Score Distribution
Percent of People with Each Score
Percentile by Number Answered
Your Score History
You have not taken this quiz